00405nam a2200121 i 4500001000300000100001800003245008600021260002100107040000800128041000800136008004100144856009800185bg1 aREISS, Antoni 0aZ problemów odbudowy i rozwoju organizacyjnego PPS (1944-1946) /cAntoni Reiss. aWarszawa,c1971. cBPK apol s pl f |000 0 pol  uhttp://koha.tu.koszalin.pl/cgi-bin/koha/opac-detail.pl?biblionumber=26636yKatalog online BPK